00378cam a2200157ua 45000010005000000080039000050400009000440410008000530820011000611000030000722450052001022500009001542600029001633000010001926530018002028907150218n xxk |||gr||||Z||||||eng cMAIN aeng a822.33 aShakespeare, W.,eAuthor. aTwo gentlemen of veronacBy Willaim Shakespeare a1st. aLondon:bPenguin,c1968. a107p. aEnglish drama